000
00314nam a2200133Ia 4500
008
240624s9999 xx 000 0 und d
041
_a
eng
082
_a
302.35 IGN
100
_a
IGNOU
245
_a
SOCIAL PROCESSES AND ISSUES 1
260
_c
2005
_a
New Delhi
_b
IGNOU
300
_a
34 : p. : cm. ; 26
365
_c
RS
999
_c
7202
_d
7202